Loreto College Library, Kolkata
WEBOPAC (ONLINE PUBLIC ACCESS CATALOGUE)

Movements and Moments (Record no. 43396)

MARC details
000 -LEADER
fixed length control field 00337nam a22001337a 4500
005 - DATE AND TIME OF LATEST TRANSACTION
control field 20230812125642.0
008 - FIXED-LENGTH DATA ELEMENTS--GENERAL INFORMATION
fixed length control field 230812b |||||||| |||| 00| 0 eng d
040 ## - CATALOGING SOURCE
Original cataloging agency Loreto college
041 ## - LANGUAGE CODE
Language code English
082 ## - DDC | ডিউই
Classification number | বর্গসংখ্যা 823
Book Number | গ্রন্থাঙ্ক EIS
245 ## - TITLE STATEMENT | অাখ্যা বিবরণী
Title | অাখ্যা Movements and Moments
Sub title | উপঅাখ্যা Indigene feminisms in the global south
850 ## - HOLDING INSTITUTION
Holding institution LCLIB
942 ## - ADDED ENTRY ELEMENTS (KOHA)
Koha item type Books
Holdings
Withdrawn status Lost status Source of classification Damaged status Not for loan Home library Current library Date acquired Total Checkouts Full call number Accession No. Date last seen Price effective from Koha item type Coded location qualifier
    Dewey Decimal Classification     Loreto College Loreto College 12/08/2023   823 EIS 54290 47521 12/08/2023 12/08/2023 Books